000 01196nam a22003377a 4500
001 0074
003 DO-SdBNP
005 20170914143836.0
007 0074
008 150930b sp 2007 |||| |||| 00| 0 spa d
020 _a8482592904
040 _aBPMSU
_bspa
_cBPMSU
082 4 _aR 463.1
_bD545s
245 0 0 _a Diccionario de sinónimos :
_bsinónimos y antónimos, sinónimos en inglés, locuciones latinas y extranjeras, gramática española, palabras en desuso /
_ctextos María Luisa Díaz ... [et al.] ; coordinación María Dolores Mascasas
_h
260 _aBarcelona :
_bNauta,
_c2007
300 _a423 p.:
_c32 cm.
490 1 _aAlfa Nauta
650 4 _a ESPAÑOL
_xDICCIONARIOS
_xINGLÉS
650 4 _aESPAÑOL
_xSINÓNIMOS Y ANTÓNIMOS
_vDICCIONARIOS
650 4 _aESPAÑOL
_vDICCIONARIOS
650 4 _aESPAÑOL
_xGRAMÁTICA
650 4 _aINGLÉS
_xDICCIONARIOS
_xESPAÑOL
700 1 2 _aDíaz, Maria Luisa
700 1 2 _aMascasas, Maria Dolores
830 _aAlfa Nauta
910 _aValidado. Control de calidad MFF
942 _2ddc
_cBK
945 _aInventario / 2017 VM
956 _a VMATEO
_b10
_c20160621
_dBPMSU
_f0069
956 _aValidado. Control de calidad MFF
999 _c10456
_d10456